Az iskolaközösség kialakításának nevelési problémája a hódmezővásárhelyi Frankel Leó Közgazdasági és Egészségügyi Szakközépiskolában különös tekintettel a vertikális KISZ-szervezetek létrehozása utáni időszakra

Elmentve itt :
Bibliográfiai részletek
Szerző: Zalotay Erzsébet
További közreműködők: nincs megadva (Témavezető)
Dokumentumtípus: Disszertáció
Megjelent: 1977
Kulcsszavak:Pedagógia
Tárgyszavak:
Online Access:http://doktori.ek.szte.hu/7680
LEADER 00873nta a2200205 i 4500
001 dokt7680
005 20221011151919.0
008 221011s1977 hu om 0|| hun d
040 |a SZTE Doktori Repozitórium  |b hun 
041 |a hun 
100 1 |a Zalotay Erzsébet 
245 1 3 |a Az iskolaközösség kialakításának nevelési problémája a hódmezővásárhelyi Frankel Leó Közgazdasági és Egészségügyi Szakközépiskolában különös tekintettel a vertikális KISZ-szervezetek létrehozása utáni időszakra  |h [elektronikus dokumentum] /  |c  Zalotay Erzsébet 
260 |c 1977 
502 |a Disszertacio 
650 4 |a neveléstudományok 
650 4 |a Társadalomtudományok 
650 4 |a Oktatástudomány 
695 |a Pedagógia 
700 1 |a nincs megadva  |e ths 
856 4 0 |u https://doktori.bibl.u-szeged.hu/id/eprint/7680/1/1977_zalotay_erzsebet.pdf  |z Dokumentum-elérés